Statistics for Countries with the Most National Parks

Click here to take the quiz!

General Stats

  • This quiz has been taken 42 times
  • The average score is 12 of 16

Answer Stats

National ParksCountry% Correct
59United States
100%
43Canada
98%
208China
98%
40Russia
98%
68Brazil
95%
685Australia
93%
67Mexico
93%
102India
88%
50Indonesia
83%
138Thailand
83%
58Colombia
71%
54Philippines
71%
41Turkey
64%
43Venezuela
62%
69Israel
24%
56Belize
10%

Score Distribution

Percentile by Number Answered

Percent of People with Each Score

Your Score History

You have not taken this quiz